Principles and Techniques of Biochemistry and Molecular Biology (Record no. 16453)
[ view plain ]
| 000 -LEADER | |
|---|---|
| fixed length control field | 00633nam a22001937a 4500 |
| 003 - CONTROL NUMBER IDENTIFIER | |
| control field | OSt |
| 005 - DATE AND TIME OF LATEST TRANSACTION | |
| control field | 20170215123800.0 |
| 008 - FIXED-LENGTH DATA ELEMENTS--GENERAL INFORMATION | |
| fixed length control field | 120420t xxu||||| |||| 00| 0 eng d |
| 020 ## - INTERNATIONAL STANDARD BOOK NUMBER | |
| International Standard Book Number | 9780521691802 |
| 040 ## - CATALOGING SOURCE | |
| Original cataloging agency | ASAB |
| Transcribing agency | ASAB Library |
| 050 ## - LIBRARY OF CONGRESS CALL NUMBER | |
| Classification number | 572.1 WIL |
| 082 ## - DEWEY DECIMAL CLASSIFICATION NUMBER | |
| Classification number | 572.1 WIL |
| 100 ## - MAIN ENTRY--PERSONAL NAME | |
| Personal name | Keith Wilson and John Walker (Editor) |
| 9 (RLIN) | 83 |
| 245 ## - TITLE STATEMENT | |
| Title | Principles and Techniques of Biochemistry and Molecular Biology |
| Statement of responsibility, etc. | Editor Keith Wilson |
| 260 ## - PUBLICATION, DISTRIBUTION, ETC. | |
| Place of publication, distribution, etc. | Cambridge University Press |
| 300 ## - PHYSICAL DESCRIPTION | |
| Extent | 783 |
| 440 ## - SERIES STATEMENT/ADDED ENTRY--TITLE | |
| Title | Principles and Techniques of Biochemistry and Molecular Biology |
| 9 (RLIN) | 84 |
| 650 ## - SUBJECT ADDED ENTRY--TOPICAL TERM | |
| Source of heading or term | Biochemistry and Molecular Biology |
| 9 (RLIN) | 85 |
| 942 ## - ADDED ENTRY ELEMENTS (KOHA) | |
| Source of classification or shelving scheme | |
| Koha item type | Book |
| Withdrawn status | Lost status | Source of classification or shelving scheme | Damaged status | Not for loan | Permanent Location | Current Location | Date acquired | Total Checkouts | Full call number | Barcode | Date last seen | Date last checked out | Price effective from | Koha item type |
|---|---|---|---|---|---|---|---|---|---|---|---|---|---|---|
| Atta-ur-Rahman School of Applied Biosciences (ASAB) | Atta-ur-Rahman School of Applied Biosciences (ASAB) | 04/20/2012 | 2 | 572.1 WIL | ASAB1315 | 07/18/2016 | 06/03/2016 | 04/20/2012 | Book | |||||
| Atta-ur-Rahman School of Applied Biosciences (ASAB) | Atta-ur-Rahman School of Applied Biosciences (ASAB) | 04/20/2012 | 572.1 WIL | ASAB697 | 02/15/2017 | 04/20/2012 | Book | |||||||
| Central Library (CL) | Central Library (CL) | 02/15/2017 | 572.1 WIL | ASAB2105 | 02/15/2017 | 02/15/2017 | Book |
